000
00196 a2200097 4500
001
1940
100
_a
Parkinson,CN
245
_a
Law and the Profils
260
_a
_b
Murray
_c
090
_c
1438
_d
1438
942
_a
NUST-CAE
_c
M
_c
4869
999
_c
237013
_d
237013